000 00608nam a2200193Ia 4500
003 GCL
008 140319s9999 xx 000 0 ara d
040 _aGCL /
_cGCL
082 0 4 _aد
_b050
100 1 _aسعيد اسماعيل على
245 1 0 _aالفكر التربوى العربى الحديث (عالم المعرفة 113) /
_cسعيد اسماعيل على
300 _a400 ص
490 _aعالم المعرفة
_v0
650 0 4 _aالتعليم
650 0 4 _aالتربية
650 0 4 _aعلم النفس التربوى
650 0 4 _aعلم النفس التطبيقى
942 _2ddc
_cBK
999 _c50271
_d50271